| 000 -ლიდერი |
| ფიქსირებული სიგრძის საკონტროლო ველი |
00991nam a22002057a 4500 |
| 003 - საკონტროლო ნომრის იდენტიფიკატორი |
| საკონტროლო ველი |
Ge_BSU |
| 005 - ბოლო ოპერაციის თარიღი და დრო |
| საკონტროლო ველი |
20201021114936.0 |
| 008 - ფიქსირებული სიგრძის მონაცემთა ელემენტები - ზოგადი ინფორმაცია |
| ფიქსირებული სიგრძის საკონტროლო ველი |
201021s2015 ge ||||| |||| 00| 0 geo d |
| 020 ## - წიგნის საერთაშორისო სტანდარტული ნომერი |
| International Standard Book Number |
9789941936272 |
| 041 ## - ენის კოდი |
| Language code of text/sound track or separate title |
geo |
| 080 ## - უნივერსალური ათობითი კლასიფიკაციის ინდექსი |
| Universal Decimal Classification number |
343.1(479.22) ლ-81 |
| 100 ## - მთავარი ჩანაწერი - პიროვნების სახელი |
| Personal name |
ლომსაძე, მ |
| 9 (RLIN) |
9623 |
| 245 ## - ცნობა სათაურის შესახებ |
| Title |
სისხლის სამართლის პროცესი : |
| Remainder of title |
თანდართული ტესტების ნიმუშებით / |
| Statement of responsibility, etc |
მ. ლომსაძე ; [რედ. ბადრი ბიწაძე]. |
| 250 ## - გამოცემის ცნობა |
| Edition statement |
მეხუთე გადამუშავებული და შევსებული გამოცემა. |
| 264 ## - წარმოების, გამოცემის, დისტრიბუციის და სხვა ცნობები |
| გამოცემის, წარმოების, დისტრიბუციის... ადგილი |
თბილისი : |
| გამოცემის, წარმოების, დისტრიბუციის... სახელწოდება |
ბონა კაუზა, |
| გამოცემის, წარმოების, დისტრიბუციის... თარიღი |
2015. |
| 300 ## - ფიზიკური აღწერა |
| Extent |
467 გვ. |
| Other physical details |
20 სმ. |
| 490 ## - სერიის ცნობა |
| Series statement |
იურისტის ბიბლიოთეკა |
| 700 ## - ADDED ENTRY--PERSONAL NAME |
| Personal name |
ბიწაძე, ბადრი |
| Relator term |
რედაქტორი |
| 9 (RLIN) |
8146 |
| 942 ## - ADDED ENTRY ELEMENTS (KOHA) |
| Source of classification or shelving scheme |
|
| Koha item type |
წიგნი |